000 00377nam a2200133Ia 4500
005 20260328104325.0
008 260328s9999||||xx |||||||||||||| ||und||
100 _aKonyali, Ali
245 0 _aOne empire ,Two palaces " topkapi and Dolmababce in the industry and Design competition /
_cAli Konyali
260 _bYKY
300 _a401 p.
650 _aARQUITECTURA
942 _cBK
999 _c11475
_d11475